Tuk es tuk /

Guardado en:
Autor Principal: Legnazzi, Claudia
Formato: Libro
Publicado: Buenos Aires : Del Eclipse, 2013
Series:Libros- albúm del eclipse / Istvan Schritter
Materias:
Etiquetas: Agregar Etiqueta
Sin Etiquetas, Sea el primero en etiquetar este registro!
LEADER 00808nam a22002535a 4500
001 CEM.cems015037
005 20190909155432.0
008 130507s2013##################000#0#####d
003 CEMS
020 |a 9789871580378 
082 0 4 |a A868.4 
100 1 |a Legnazzi, Claudia 
245 1 0 |a Tuk es tuk /  |c Claudia Legnazzi 
260 |a Buenos Aires :  |b Del Eclipse,  |c 2013 
300 |a 40 p. 
490 0 |a Libros- albúm del eclipse / Istvan Schritter 
653 |a Literatura 
653 |a Literatura argentina 
653 |a Literatura infantil 
653 |a Cuentos infantiles 
653 |a Libro albúm 
653 |a Colección ciencias de la educación 
859 |a CEMS  |b BIB. CEMS - Ccias. Educacion  |h A868.4  |i L525  |k CE  |p 27947.19  |t Ej.1 
859 |a CEMS  |b BIB. CEMS - Ccias. Educacion  |h A868.4  |i L525  |k CE  |p 28629.19  |t Ej.2